00622nam a2200181Ia 4500952012600000999001700126003000400143005001700147008004100164040000900205082001900214100003300233245008600266260002300352300000900375650001200384942004400396 00102ddc40708HISTORYaMESbMEScHISd2019-02-20l0o954.042 BER/Fp28481r2019-02-20 00:00:00w2019-02-20yBKzGL37R3 c20978d20978OSt20200625153236.0190216s9999||||xx |||||||||||||| ||und|| coclc a954.042bBER/F aBernard, Jean Alphonse93250 0aFrom Raj To The Republic :bA Political History Of India /cJean Alphonse Bernard bManas Foundations, a498p aHistory cBK2ddch954.042iBER/Fk954.042mBER/F